Nâng cao và phát triển vật lí 11

Sách cung cấp cho học sinh khá và giỏi vật lí lớp 11 những kiến thức mở rộng và nâng cao so với chương trình và sách giáo khoa vật lí của lớp này.

Đã lưu trong:
Bibliografiske detaljer
Hovedforfatter: Lương, Tất Đạt
Format: Bog
Sprog:Undetermined
Udgivet: Hà Nội Giáo dục Việt Nam 2011
Fag:
Tags: Tilføj Tag
Ingen Tags, Vær først til at tagge denne postø!
Thư viện lưu trữ: Trung tâm Học liệu Trường Đại học Cần Thơ
LEADER 00918nam a2200217Ia 4500
001 CTU_185230
008 210402s9999 xx 000 0 und d
020 |c 32000 
082 |a 530.0712 
082 |b Đ110 
100 |a Lương, Tất Đạt 
245 0 |a Nâng cao và phát triển vật lí 11 
245 0 |c Lương Tất Đạt, Nguyễn Đức Hiệp (chủ biên) 
260 |a Hà Nội 
260 |b Giáo dục Việt Nam 
260 |c 2011 
520 |a Sách cung cấp cho học sinh khá và giỏi vật lí lớp 11 những kiến thức mở rộng và nâng cao so với chương trình và sách giáo khoa vật lí của lớp này. 
650 |a Physics,Vật lý 
650 |x Study and teaching (Secondary),Dạy và học (trung học) 
904 |i Hải 
980 |a Trung tâm Học liệu Trường Đại học Cần Thơ